Okullarda öğretim sorunları (Record no. 2477)

MARC details
000 -BAŞLIK
Sabit Uzunlukta Kontrol Alanı 00701na a2200253 4500
001 - KONTROL NUMARASI
Denetim Alanı 18781
003 - KONTROL NUMARASI IDENTIFIER
Denetim Alanı MIRAKIL
005 - SON İŞLEM TARİHİ VE ZAMANI
Denetim Alanı 20181213154859.0
008 - SABİT-BOY VERİ ELEMANLARI - GENEL BİLGİLER
Sabit Uzunlukta Kontrol Alanı 161127b tu 000 0
020 ## - ULUSLARARASI STANDART KİTAP NUMARASI
Uluslararası Standart Kitap Numarası 9757798045
035 ## - SİSTEM KONTROL NUMARASI
Sistem Kontrol Numarası 18781
040 ## - KATALOGLAMA KAYNAK
Orijinal Kataloglama Ajansı Milas
Kataloglama Dili tur
Metne Dönüştürmek Ajansı TR-AnCHP
041 ## - DİL KODU
Metin / Ses Parça Veya Ayrı Başlığın Dil Kodu tur
082 ## - DEWEY ONLU SINIFLANDIRMA NUMARASI
Sınıflandırma Numarası 371.3
Ürün Numarası B55o 1995
090 ## - SINIFLAMA NUMARASI
Sınıflama Numarası 371.3 B55o 1995
100 ## - ANA GİRİŞ - KİŞİSEL İSİM
Kişisel Ad Binbaşıoğlu, Cavit
245 ## - BAŞLIK TABLOSU
Başlık Okullarda öğretim sorunları
Sorumluluk Tablosu, Vb Cavit Binbaşıoğlu
260 ## - YAYIN, DAĞITIM, VB
Yayın, Dağıtım, Vb Yeri Ankara
Yayıncı, Dağıtıcı, Vs Adı Eğit-Der Yayınları,
Yayın, Dağıtım, Vb Tarihi 1995
300 ## - FİZİKSEL TANIM
Kapsam 226 s.
Boyutlar 20 sm.
490 ## - SERİSİ TABLOSU
Seri Beyanı Eğit-Der Yayınları ;
Hacim / Ardışık Tanımı 5
500 ## - GENEL NOT
Genel Not Yapıt yazarından imzalıdır
650 ## - KONU KATMA GİRİŞ - TOPİKAL DÖNEM
Topikal Süreli Veya Coğrafi Ad Giriş Elemanı Öğretim ve öğrenim
Genel Alt Bölümü Sorunlar
942 ## - EKLENDİ GİRİŞ ELEMANLARI (KOHA)
Sınıflandırma Veya Raf Düzeni Kaynak Dewey Decimal Classification
Koha Öğesi Türü Books
999 ## - SİSTEM KONTROL NUMARALARI (KOHA)
Koha Biblionumber 2477
Koha Biblioitemnumber 2477
Holdings
Kalıcı Konum Mevcut Konum Edinme Tarihi Edinim Kaynak Toplam Check-Out'Lar Tam Çağrı Numarası Barkod Tarih Son Görülme İtibaren Geçerli Fiyatlar Koha Öğesi Türü
CHP Kütüphanesi CHP Kütüphanesi 11/27/2016 Bağış   371.3 B55o 1995 010062 11/27/2016 11/27/2016 Books